000 00305nam a2200109Ia 4500
008 220214s9999 xx 000 0 und d
245 0 _aMarch of India
260 _bMarch of India Publications
_aNew delhi
500 _aEnding Volume & Year: 15, 1963
500 _aStarting Volume & Year: 11, 1959
942 _cBJ
999 _c322
_d322